000 00329nam a2200133Ia 4500
008 191201s2004 xx 000 0 und d
100 _aBOLLES, Rechard N
245 0 _aWhat Colour is Your Parachute?
250 _a1st.
260 _aN.Delhi
_bTen Speed Press
_c2004
300 _a411
650 _aGeneral Books
942 _2ddc
_cBK
999 _c2474
_d2474